000 00479cas a2200145Ka 4500
040 _cWIH
082 _a630 WIS 1995 A083 Or.
245 0 0 _aAquaculture directory.
260 _aMadison, WI :
_bWisconsin Dept. of Agriculture, Trade and Consumer Protection, Division of Marketing, Agricultural Development and Diversification,
_c[1995]
300 _a1 v. :
_bill., maps ;
_c28 cm.
650 0 _aAquaculture
650 0 _aAquaculture industry
710 1 _aWisconsin.
942 _cEK
999 _c16105
_d16105